UK Commercial Property Monitor (Record no. 122050)

MARC details
000 -LEADER
fixed length control field 01281nam a22001937a 4500
008 - FIXED-LENGTH DATA ELEMENTS--GENERAL INFORMATION
fixed length control field 241101t2024 xxk|||||o|||| 00| 0 eng d
041 ## - LANGUAGE CODE
Language code of text/sound track or separate title eng
110 ## - MAIN ENTRY--CORPORATE NAME
Corporate author Royal Institution of Chartered Surveyors
245 ## - TITLE STATEMENT
Title UK Commercial Property Monitor
Subtitle Q3 2024
Medium [Electronic resource]
260 ## - PUBLICATION INFORMATION
Place of publication London,
Publisher Royal Institution of Chartered Surveyors,
Date October 2024
490 ## - SERIES TITLE
Series statement RICS UK Commercial Property Monitor
Volume Q32024
520 ## - ABSTRACT
Abstract The Q3 2024 RICS UK Commercial Property Monitor results <br/>continue to portray a somewhat underwhelming market <br/>backdrop, with only marginal improvements seen across <br/>most indicators. That said, more encouragingly, the share <br/>of respondents now of the opinion that current conditions <br/>are consistent with the early stages of an upturn has been <br/>rising steadily over recent quarters. In fact, the 44% share of <br/>contributors taking this view in Q3 is the highest since 2021.
650 ## - KEYWORDS
Keywords COMMERCIAL PROPERTY
651 ## - SUBJECT ADDED ENTRY--GEOGRAPHIC NAME
Geographic name United Kingdom
690 ## - BROAD SUBJECT
9 (RLIN) 6227
Broad subject Commercial property
710 ## - ADDED CORPORATE NAME
Added corporate author Royal Institution of Chartered Surveyors
856 ## - ONLINE RESOURCE
Uniform Resource Identifier <a href="https://www.rics.org/content/dam/ricsglobal/documents/market-surveys/global-commercial-property-monitors/Q3-2024-RICS-UK-Commercial-Propety-Monitor.pdf">https://www.rics.org/content/dam/ricsglobal/documents/market-surveys/global-commercial-property-monitors/Q3-2024-RICS-UK-Commercial-Propety-Monitor.pdf</a>
Public note Available free on RICS.org
942 ## - ADDED ENTRY ELEMENTS (KOHA)
Suppress in OPAC Do not suppress in OPAC
Holdings
Lost status Damaged status Not for loan Current library Shelving location Date acquired Total Checkouts Full call number Date last seen Price effective from Koha item type
      Virtual Online 01/11/2024   PROPERTY MARKET DATA 01/11/2024 01/11/2024 Online material